| 000 | 00651nam a2200193Ia 4500 | ||
|---|---|---|---|
| 003 | GCL | ||
| 008 | 140319s9999 xx 000 0 ara d | ||
| 040 |
_aGCL / _cGCL |
||
| 082 | 0 | 4 |
_a380.03 _bا م \\=aاديتوكربس الدوليةv |
| 245 | 1 | 0 | _aموسوعة عالم التجارة وادارة الاعمال |
| 260 |
_aبيروت : _bاديتوكربس الدولية ، _c1999 |
||
| 300 |
_a11 مج ؛ _c24 سم |
||
| 490 | _a | ||
| 650 | 0 | 4 | _aادارة الاعمال |
| 650 | 0 | 4 | _aالتجارة |
| 650 | 0 | 4 | _aالتجارة - دوائر معارف |
| 650 | 0 | 4 | _aادارة الاعمال - دوائر معارف |
| 942 |
_2ddc _cREF |
||
| 999 |
_c35844 _d35844 |
||